Statistics for Monarchs of Norway

Click here to take the quiz!

General Stats

  • This quiz has been taken 74 times
  • The average score is 45 of 70

Answer Stats

HintAnswer% Correct
1905Haakon VII
88%
961Harald Bluetooth
87%
872Harald Fairhair
87%
1130Harald Gille
87%
961Harald Greycloak
87%
1036Harald Hardrada
87%
1991Harald V
85%
995Olaf I Tryggvason
83%
1380Olaf IV Haakonsson
83%
1103Olaf IV Magnusson
83%
1067Olaf Kyrre
83%
1957Olaf V
83%
1015Saint Olaf
83%
932Eric Bloodaxe
81%
1000Eric Haakonsson
81%
1273Eric II Magnusson
81%
1028Haakon Ericsson
79%
1202Haakon III Sverresson
79%
965Haakon Sigurdsson
79%
1157Haakon the Broadshouldered
79%
934Haakon the Good
79%
1217Haakon the Old
79%
1240Haakon the Young
79%
1093Haakon Toresfostre
79%
1343Haakon VI Magnusson
79%
1299Haakon V Magnusson
79%
1093Magnus Barefoot
75%
1066Magnus II Haraldsson
75%
1130Magnus the Blind
75%
1035Magnus the Good
75%
1257Magnus the Law Mender
75%
1161Magnus V Erlingsson
75%
1142Magnus V Haraldsson
75%
1319Magnus VII Ericsson
75%
1389Eric III
69%
1450Christian I
63%
1513Christian II
63%
1537Christian III
63%
1588Christian IV
63%
1670Christian V
63%
1730Christian VI
63%
1766Christian VII
63%
1449Charles I
62%
1814Charles II
62%
1859Charles IV
62%
1814Christian Frederick
62%
1523Frederick I
62%
1559Frederick II
62%
1648Frederick III
62%
1699Frederick IV
62%
1746Frederick V
62%
1808Frederick VI
62%
1818Charles III John
60%
1483John
58%
1844Oscar I
58%
1872Oscar II
58%
1380Margaret
50%
1136Sigurd Munn
44%
1103Sigurd the Crusader
44%
1184Sverre Sigurdsson
40%
1442Christopher
37%
1028Cnut the Great
35%
1000Sweyn Forkbeard
31%
1000Sweyn Hakkonsson
31%
1030Sweyn Knutsson
31%
1142Eystein II Haraldsson
25%
1103Eystein I Magnusson
25%
1204Inge II Bardsson
21%
1136Inge the Hunchback
21%
1204Guttorm Sigurdsson
12%

Score Distribution

Percentile by Number Answered

Percent of People with Each Score

Your Score History

You have not taken this quiz